ბათუმის შოთა რუსთაველის სახელმწიფო უნივერსიტეტის ბიბლიოთეკა

ეთიკა (ბიბ.ჩანაწერი № 34851)

000 -LEADER
fixed length control field 00668nam a2200205Ia 4500
001 - CONTROL NUMBER
control field 668
003 - CONTROL NUMBER IDENTIFIER
control field GE_BSU
008 - FIXED-LENGTH DATA ELEMENTS--GENERAL INFORMATION
fixed length control field 181216s||||||||xx |||||||||||||| ||und||
040 ## - CATALOGING SOURCE
Transcribing agency GE_BSU
080 ## - UNIVERSAL DECIMAL CLASSIFICATION NUMBER
Universal Decimal Classification number 171(075.8)
100 ## - MAIN ENTRY--PERSONAL NAME
Personal name კუკავა, თამარ
245 ## - TITLE STATEMENT
Title ეთიკა
245 ## - TITLE STATEMENT
Remainder of title სახელმძღვანელო უმაღლ. სასწ.
260 ## - PUBLICATION, DISTRIBUTION, ETC.
Place of publication, distribution, etc. თბილისი
260 ## - PUBLICATION, DISTRIBUTION, ETC.
Date of publication, distribution, etc. 1998
300 ## - PHYSICAL DESCRIPTION
Extent 263 გვ.
653 ## - INDEX TERM--UNCONTROLLED
Uncontrolled term ეთიკის სახელმძღვანელოები უმაღლესი სასწავლებლებისათვის
942 ## - ADDED ENTRY ELEMENTS (KOHA)
Koha item type წიგნი
ეგზემპლარები
Withdrawn status Lost status Damaged status Not for loan Date acquired Barcode Date last seen Price effective from Koha item type
        2018-12-17 1608 2018-12-17 2018-12-17 წიგნი